Computer programming in quantitative biology

Saved in:
Bibliographic Details
Main Author: Davies, R. G. (Richard Gareth) 1920-
Format: Book
Language:English
Published: London : Academic , 1971
Subjects:
Tags: Add Tag
No Tags, Be the first to tag this record!

MARC

LEADER 00000cam a2200000 i 4500
001 1/90450
008 970303s1971 eng d
020 |a 0-12-206250-7 
035 |l 10007530 
040 |a GR-MY-UA  |b gre  |e aacr 
041 0 |a eng 
082 0 |a 001.642 
100 1 |a Davies, R. G.  |q (Richard Gareth)  |d 1920- 
245 1 0 |a Computer programming in quantitative biology /  |c R. G. Davies 
260 |a London :   |b Academic ,   |c 1971 
300 |a xi, 492 p.;  |b ill.;  |c 24 cm 
504 |a Includes bibliographical references 
650 0 0 |a Biology  |x Data processing. 
852 |a INST  |b LESVOS  |e 19970303  |h 570.15195 DAV  |p 005100011908  |q 005100011908  |t BK  |y 0 
909 |a Λ  |b 012380